The British planning system (Record no. 103460)

MARC details
000 -LEADER
fixed length control field 01343cam a2200277 4500
008 - FIXED-LENGTH DATA ELEMENTS--GENERAL INFORMATION
fixed length control field 040405n1993 000 0 eng u
020 ## - INTERNATIONAL STANDARD BOOK NUMBER
International Standard Book Number 0333527410
035 ## - SYSTEM CONTROL NUMBER
System control number (Sirsi) u125743
041 ## - LANGUAGE CODE
Language code of text/sound track or separate title eng.
050 ## - LIBRARY OF CONGRESS CALL NUMBER
Classification number 711
100 ## - MAIN ENTRY--PERSONAL NAME
Personal name Rydin, Yvonne
245 #4 - TITLE STATEMENT
Title The British planning system
Remainder of title an introduction
260 ## - PUBLICATION, DISTRIBUTION, ETC.
Place of publication, distribution, etc. Basingstoke
Name of publisher, distributor, etc. Macmillan
Date of publication, distribution, etc. 1993
300 ## - PHYSICAL DESCRIPTION
Extent xvii, 404p.
Dimensions 24cm
350 ## - PRICE (NR) (BK AM CF MU VM SE) [OBSOLETE]
Price 14.99
490 ## - SERIES STATEMENT
Series statement Government Beyond the Centre
520 ## - SUMMARY, ETC.
Summary, etc. Part of a series on sub-central government and administration. Examines the relationship of the British planning system to urban and environmental planning. Provides an account of the historical development of British planning and the main theoretical and practical developments of each period. Covers land use, conservation, countryside, environmental, urban and transport policy. Considers how planning interacts with the political and economic situation and looks at the roles of the state, professionals and the public in the planning process. Case studies, summary charts and exhibits.
650 ## - SUBJECT ADDED ENTRY--TOPICAL TERM
Topical term or geographic name entry element PLANNING PROCESS
650 ## - SUBJECT ADDED ENTRY--TOPICAL TERM
Topical term or geographic name entry element PLANNING SYSTEM
650 ## - SUBJECT ADDED ENTRY--TOPICAL TERM
Topical term or geographic name entry element URBAN PLANNING
650 ## - SUBJECT ADDED ENTRY--TOPICAL TERM
Topical term or geographic name entry element ENVIRONMENTAL PLANNING
650 ## - SUBJECT ADDED ENTRY--TOPICAL TERM
Topical term or geographic name entry element Land use
9 (RLIN) 6251
650 ## - SUBJECT ADDED ENTRY--TOPICAL TERM
Topical term or geographic name entry element CONSERVATION
690 ## - LOCAL SUBJECT ADDED ENTRY--TOPICAL TERM (OCLC, RLIN)
Topical term or geographic name as entry element ENVIRONMENTAL AND LAND CONSULTANCY-PLANNING AND DEVELOPMENT
942 ## - ADDED ENTRY ELEMENTS (KOHA)
Suppress in OPAC 0
Holdings
Withdrawn status Lost status Source of classification or shelving scheme Damaged status Not for loan Home library Current library Shelving location Date acquired Total Checkouts Full call number Barcode Date last seen Date last checked out Copy number Price effective from Koha item type
    Dewey Decimal Classification     London London Books 05/04/2004 7 711 RYD 30040115 06/08/2019 25/10/2007 1 06/08/2019 Book